[Event "TUR-chT 2nd League"]
[Site "Denizli"]
[Date "2023.07.12"]
[Round "6.46"]
[White "Durucay, Uygar"]
[Black "Yildirim, Ibrahim Halil"]
[Result "1-0"]
[WhiteElo "2145"]
[BlackElo "2038"]
[PlyCount "51"]
[EventDate "2023.07.09"]
[EventType "team-swiss"]
[EventRounds "9"]
[EventCountry "TUR"]
[SourceTitle "CBM 215 Extra"]
[Source "ChessBase"]
[SourceDate "2023.09.30"]
[SourceVersion "1"]
[SourceVersionDate "2023.09.30"]
[SourceQuality "1"]
[WhiteTeam "Izmir Apaydin"]
[BlackTeam "Ankara Genclik"]
[WhiteTeamCountry "TUR"]
[BlackTeamCountry "TUR"]

1. d4 d5 2. c4 c6 3. cxd5 cxd5 4. Bf4 Nc6 5. e3 Nf6 6. Bd3 Bg4 7. Ne2 e6 8. Nbc3 Be7 9. 0-0 0-0 10. Rc1 Rc8 11. a3 Bh5 12. b4 Bg6 13. Na4 Bxd3 14. Qxd3 b6 15. Rc2 Bd6 16. Rfc1 Qd7 17. Bxd6 Qxd6 18. Qa6 Qd7 19. Qb5 Ne4 20. Nb2 Nd6 21. Qa4 b5 22. Qb3 Nc4 23. a4 a6 24. Nd3 Ne7 25. Nc5 bxa4 26. Qxc4 1-0

[Event "TUR-chT 2nd League"]
[Site "Denizli"]
[Date "2023.07.12"]
[Round "5.21"]
[White "Rasulov, Vugar Ural Oglu"]
[Black "Yildirim, Ibrahim Halil"]
[Result "1-0"]
[WhiteElo "2540"]
[BlackElo "2038"]
[PlyCount "113"]
[EventDate "2023.07.09"]
[EventType "team-swiss"]
[EventRounds "9"]
[EventCountry "TUR"]
[SourceTitle "CBM 215 Extra"]
[Source "ChessBase"]
[SourceDate "2023.09.30"]
[SourceVersion "1"]
[SourceVersionDate "2023.09.30"]
[SourceQuality "1"]
[WhiteTeam "Yildiz"]
[BlackTeam "Ankara Genclik"]
[WhiteTeamCountry "TUR"]
[BlackTeamCountry "TUR"]

1. e3 d5 2. Nf3 c6 3. c4 Bg4 4. Qb3 Qc7 5. cxd5 cxd5 6. Nc3 Bxf3 7. gxf3 e6 8. f4 Nf6 9. f5 Nc6 10. fxe6 fxe6 11. d4 0-0-0 12. Bd2 g5 13. 0-0-0 Bg7 14. Kb1 Kb8 15. Rc1 Rc8 16. f3 Na5 17. Qc2 Nc4 18. Bxc4 Qxc4 19. Rhg1 Bh6 20. b3 Qc6 21. e4 dxe4 22. fxe4 Rhd8 23. h4 Ne8 24. hxg5 Bg7 25. d5 Qa6 26. g6 h6 27. Rg3 exd5 28. exd5 Nc7 29. Qd3 Qa3 30. Rc2 Bxc3 31. Rxc3 Rxd5 32. Qc2 Qd6 33. Bc1 Rg8 34. g7 Nb5 35. Rc8+ Rxc8 36. Qxc8+ Kxc8 37. g8Q+ Qd8 38. Qe6+ Qd7 39. Rg8+ Kc7 40. Bf4+ Rd6 41. Bxd6+ Nxd6 42. Qxd7+ Kxd7 43. Rg7+ Kc6 44. Rg6 h5 45. Rh6 h4 46. Rxh4 b6 47. Kc2 a5 48. Kd3 Kb5 49. Kc3 Nb7 50. Rh5+ Nc5 51. Rf5 Ka6 52. Kc4 Ne4 53. Rf4 Nd6+ 54. Kd5 Nb7 55. Rf8 Nc5 56. Kc6 Ka7 57. Kb5 1-0

[Event "TUR-chT 2nd League"]
[Site "Denizli"]
[Date "2023.07.09"]
[Round "1.92"]
[White "Erdogan, Yunus Emre"]
[Black "Yildirim, Ibrahim Halil"]
[Result "1/2-1/2"]
[WhiteElo "1816"]
[BlackElo "2038"]
[PlyCount "76"]
[EventDate "2023.07.09"]
[EventType "team-swiss"]
[EventRounds "9"]
[EventCountry "TUR"]
[SourceTitle "CBM 215 Extra"]
[Source "ChessBase"]
[SourceDate "2023.09.30"]
[SourceVersion "1"]
[SourceVersionDate "2023.09.30"]
[SourceQuality "1"]
[WhiteTeam "Denizli Ihtisas"]
[BlackTeam "Ankara Genclik"]
[WhiteTeamCountry "TUR"]
[BlackTeamCountry "TUR"]

1. e4 c6 2. d4 d5 3. Nc3 dxe4 4. Nxe4 Bf5 5. Ng3 Bg6 6. h4 h6 7. Nh3 Nf6 8. Nf4 Bh7 9. Bc4 e6 10. 0-0 Bd6 11. Re1 0-0 12. Ngh5 Nxh5 13. Nxh5 Qxh4 14. g3 Qh3 15. Bf1 Qf5 16. Bd3 Qh3 17. Bf4 Be7 18. Bxh7+ Kxh7 19. Bxb8 Raxb8 20. Re5 Bg5 21. Nf4 Bxf4 22. Rh5 Qxh5 23. Qxh5 Bc7 24. Kg2 Rbd8 25. c3 Rd5 26. Qf3 Kg8 27. Rh1 Bb6 28. Qg4 Rg5 29. Qe4 Rd8 30. Re1 Rgd5 31. b4 Bc7 32. Qh4 R8d7 33. a4 a6 34. Re4 Bd8 35. Qf4 Bc7 36. Qe3 Bb6 37. Rg4 Kh8 38. a5 Bd8 1/2-1/2

[Event "Pobeskydy Talents op 42nd"]
[Site "Frydek Mistek"]
[Date "2023.04.10"]
[Round "9"]
[White "Yildirim, Ibrahim Halil"]
[Black "Fizer, Marek"]
[Result "1-0"]
[WhiteElo "2036"]
[BlackElo "2135"]
[PlyCount "59"]
[EventDate "2023.04.06"]
[EventType "swiss"]
[EventRounds "9"]
[EventCountry "CZE"]
[SourceTitle "EXT 2024"]
[Source "ChessBase"]
[SourceDate "2023.10.10"]
[SourceVersion "1"]
[SourceVersionDate "2023.10.10"]
[SourceQuality "1"]

1. e4 c5 2. Nf3 d6 3. d4 cxd4 4. Nxd4 Nf6 5. Nc3 Nc6 6. Bg5 e6 7. f4 Be7 8. Qd2 a6 9. 0-0-0 Bd7 10. g4 0-0 11. Bg2 h6 12. Bxf6 Bxf6 13. Nf3 Be7 14. g5 hxg5 15. Nxg5 Ne5 16. h4 Ng4 17. Bh3 Nh6 18. Rhg1 Qb6 19. Qd3 f5 20. Qg3 Ng4 21. Bxg4 fxg4 22. Rde1 Bxg5 23. hxg5 e5 24. f5 g6 25. Qh4 Kf7 26. Qh7+ Ke8 27. Nd5 Qd8 28. Qxg6+ Rf7 29. Rh1 Rc8 30. Rh8# 1-0

[Event "Pobeskydy Talents op 42nd"]
[Site "Frydek Mistek"]
[Date "2023.04.09"]
[Round "7"]
[White "Swicarz, Maciej"]
[Black "Yildirim, Ibrahim Halil"]
[Result "1-0"]
[WhiteElo "2323"]
[BlackElo "2036"]
[PlyCount "51"]
[EventDate "2023.04.06"]
[EventType "swiss"]
[EventRounds "9"]
[EventCountry "CZE"]
[SourceTitle "EXT 2024"]
[Source "ChessBase"]
[SourceDate "2023.10.10"]
[SourceVersion "1"]
[SourceVersionDate "2023.10.10"]
[SourceQuality "1"]

1. e4 e5 2. Nf3 Nc6 3. d4 exd4 4. Nxd4 Nf6 5. Nxc6 bxc6 6. e5 Qe7 7. Qe2 Nd5 8. c4 Ba6 9. Qe4 Nb6 10. Nc3 g6 11. c5 Bxf1 12. cxb6 f5 13. b7 Rd8 14. Qa4 Bxg2 15. Rg1 Qxe5+ 16. Be3 Bf3 17. Qxa7 Bb4 18. b8Q Bxc3+ 19. Kf1 Qd5 20. Rg3 Rxb8 21. Qxb8+ Ke7 22. Qb3 f4 23. Bxf4 Rf8 24. Bg5+ Bf6 25. Re1+ Be4 26. Rxe4+ 1-0

[Event "TUR-ch U13/18"]
[Site "Antalya"]
[Date "2023.01.24"]
[Round "5"]
[White "Uysal, Ugur"]
[Black "Yildirim, Ibrahim Halil"]
[Result "1/2-1/2"]
[WhiteElo "1760"]
[BlackElo "2124"]
[PlyCount "45"]
[EventDate "2023.01.17"]
[EventType "swiss"]
[EventRounds "10"]
[EventCountry "TUR"]
[SourceTitle "EXT 2024"]
[Source "ChessBase"]
[SourceDate "2023.10.10"]
[SourceVersion "1"]
[SourceVersionDate "2023.10.10"]
[SourceQuality "1"]

1. Nf3 d5 2. d4 Nf6 3. c4 c6 4. Nc3 dxc4 5. a4 Bf5 6. e3 e6 7. Bxc4 Bb4 8. 0-0 0-0 9. Qe2 Bg6 10. Ne5 Nbd7 11. Nxg6 hxg6 12. Rd1 Qe7 13. e4 e5 14. d5 Nb6 15. Bb3 cxd5 16. a5 d4 17. axb6 dxc3 18. bxc3 Bc5 19. bxa7 Rxa7 20. Bg5 Rxa1 21. Rxa1 Qc7 22. Bxf6 gxf6 23. Bd5 1/2-1/2

[Event "TUR-chT 2nd League"]
[Site "Konya"]
[Date "2022.08.27"]
[Round "8.1"]
[White "Yildirim, Ibrahim Halil"]
[Black "Gasimov, Parviz"]
[Result "0-1"]
[WhiteElo "2149"]
[BlackElo "2307"]
[PlyCount "60"]
[EventDate "2022.08.22"]
[EventType "team-swiss"]
[EventRounds "9"]
[EventCountry "TUR"]
[SourceTitle "CBM 210 Extra"]
[Source "ChessBase"]
[SourceDate "2022.11.30"]
[SourceVersion "1"]
[SourceVersionDate "2022.11.30"]
[SourceQuality "1"]
[WhiteTeam "Ankara DSI Genclik"]
[BlackTeam "Seyhan Belediye"]
[WhiteTeamCountry "TUR"]
[BlackTeamCountry "TUR"]

1. e4 e6 2. d4 d5 3. Nc3 Nf6 4. Bg5 dxe4 5. Nxe4 Be7 6. Bxf6 gxf6 7. g3 f5 8. Nc3 Bf6 9. Nf3 c5 10. dxc5 Qa5 11. Bb5+ Bd7 12. Nd4 Nc6 13. 0-0 Nxd4 14. Bxd7+ Ke7 15. Ba4 h5 16. Qd3 Rad8 17. b4 Qxb4 18. Rfe1 Nc6 19. Nd5+ Rxd5 20. Qxd5 Bxa1 21. Qd6+ Kf6 22. Rxa1 Qxa4 23. Rb1 Rd8 24. Qc7 Qxc2 25. Rxb7 Qd1+ 26. Kg2 Ne5 27. c6 Rd2 28. Qe7+ Kg6 29. Qf8 Rxf2+ 30. Kxf2 Ng4+ 0-1

[Event "Ankara Baskent Univ op-A 5th"]
[Site "Ankara"]
[Date "2022.07.05"]
[Round "6"]
[White "Citak, Selim"]
[Black "Yildirim, Ibrahim Halil"]
[Result "1/2-1/2"]
[WhiteElo "2176"]
[BlackElo "2106"]
[PlyCount "116"]
[EventDate "2022.07.02"]
[EventType "swiss"]
[EventRounds "9"]
[EventCountry "TUR"]
[SourceTitle "CBM 209 Extra"]
[Source "ChessBase"]
[SourceDate "2022.09.30"]
[SourceVersion "1"]
[SourceVersionDate "2022.09.30"]
[SourceQuality "1"]

1. d4 d5 2. c4 c6 3. Nf3 Nf6 4. Qc2 g6 5. Bf4 dxc4 6. Qxc4 Be6 7. Qc1 Bd5 8. Nbd2 Nbd7 9. Qc2 Qa5 10. a3 c5 11. dxc5 Qxc5 12. Qxc5 Nxc5 13. Rc1 Ncd7 14. e3 Bg7 15. Bc4 0-0 16. 0-0 Rac8 17. Ne5 Nb6 18. Bxd5 Nfxd5 19. Ne4 f6 20. Nd3 e5 21. Bg3 f5 22. Rxc8 Nxc8 23. Nec5 e4 24. Nb4 Nxb4 25. axb4 Bxb2 26. Nxb7 Rf7 27. Rb1 Rxb7 28. Rxb2 Kf7 29. h4 Ke6 30. Rc2 Ne7 31. Rb2 Nd5 32. Rc2 Nxb4 33. Rc5 a6 34. f3 exf3 35. gxf3 Ra7 36. e4 fxe4 37. fxe4 a5 38. Be1 Nd3 39. Rxa5 Rxa5 40. Bxa5 Ke5 41. h5 g5 42. Bd8 g4 43. Kg2 Kxe4 44. Kg3 Kf5 45. h6 Nc5 46. Kh4 Kf4 47. Bc7+ Kf3 48. Bb8 Ne4 49. Bc7 g3 50. Bxg3 Nxg3 51. Kg5 Ne4+ 52. Kf5 Ng3+ 53. Kf6 Nh5+ 54. Kg5 Nf4 55. Kf6 Kg4 56. Kg7 Kg5 57. Kxh7 Kf6 58. Kg8 Ng6 1/2-1/2

[Event "Ankara Baskent Univ op-A 5th"]
[Site "Ankara"]
[Date "2022.07.02"]
[Round "1"]
[White "Yildirim, Ibrahim Halil"]
[Black "Akbas, Umut Ata"]
[Result "1/2-1/2"]
[WhiteElo "2106"]
[BlackElo "2298"]
[PlyCount "77"]
[EventDate "2022.07.02"]
[EventType "swiss"]
[EventRounds "9"]
[EventCountry "TUR"]
[SourceTitle "CBM 209 Extra"]
[Source "ChessBase"]
[SourceDate "2022.09.30"]
[SourceVersion "1"]
[SourceVersionDate "2022.09.30"]
[SourceQuality "1"]

1. e4 e5 2. Nf3 Nc6 3. Bc4 Bc5 4. c3 Nf6 5. d4 exd4 6. e5 d5 7. Bb5 Ne4 8. cxd4 Bb4+ 9. Nbd2 0-0 10. 0-0 Bxd2 11. Bxd2 Bg4 12. Bxc6 bxc6 13. Be3 Rb8 14. Qc1 Qd7 15. Ne1 Be2 16. f3 Bxf1 17. Kxf1 f6 18. fxe4 fxe5+ 19. Kg1 Qg4 20. dxe5 Qe2 21. Nc2 dxe4 22. b3 Rbd8 23. Nd4 Rf1+ 24. Qxf1 Qxe3+ 25. Qf2 Qxd4 26. Qxd4 Rxd4 27. Rc1 e3 28. Kf1 Rd2 29. Rxc6 Rf2+ 30. Ke1 Rxa2 31. Rxc7 Rxg2 32. Rxa7 Rxh2 33. e6 Kf8 34. Rf7+ Ke8 35. Rxg7 h5 36. Rg3 e2 37. Re3 h4 38. Rxe2 Rxe2+ 39. Kxe2 1/2-1/2

[Event "EU-Cup Online Gr-G"]
[Site "Tornelo INT"]
[Date "2021.03.27"]
[Round "1.3"]
[White "Najer, Evgeniy"]
[Black "Yildirim, Ibrahim Halil"]
[Result "1-0"]
[WhiteElo "2648"]
[BlackElo "1783"]
[PlyCount "83"]
[EventDate "2021.03.27"]
[EventType "team-tourn (rapid)"]
[EventRounds "9"]
[EventCountry "NET"]
[SourceTitle "CBM 201 Extra"]
[Source "ChessBase"]
[SourceDate "2021.05.31"]
[SourceVersion "1"]
[SourceVersionDate "2021.05.31"]
[SourceQuality "1"]
[WhiteTeam "New Old Boys"]
[BlackTeam "CS CC"]
[WhiteTeamCountry "RUS"]
[BlackTeamCountry "TUR"]

1. e4 c6 2. d4 d5 3. e5 Bf5 4. Nf3 e6 5. Be2 c5 6. Be3 Qb6 7. Nc3 Nc6 8. 0-0 Qxb2 9. Qe1 cxd4 10. Bxd4 Nxd4 11. Nxd4 Bb4 12. Rb1 Bxc3 13. Rxb2 Bxe1 14. Rxe1 b6 15. h4 h5 16. Nxf5 exf5 17. c4 d4 18. Rd2 Rd8 19. Red1 Ne7 20. Rxd4 Rxd4 21. Rxd4 Nc6 22. Rd5 Ke7 23. c5 Rd8 24. Rxd8 Kxd8 25. cxb6 axb6 26. f4 g6 27. Kf2 Kc7 28. Ke3 Nd8 29. Bb5 Nc6 30. g3 Nb4 31. Bc4 f6 32. exf6 Kd6 33. Bf7 Nc6 34. Bxg6 Ke6 35. f7 Ke7 36. Bxh5 Nb4 37. Bg6 Nxa2 38. h5 Nb4 39. h6 Nd5+ 40. Kd4 Nc7 41. h7 Ne6+ 42. Ke3 1-0

[Event "TUR Cup"]
[Site "Antalya"]
[Date "2020.02.02"]
[Round "11"]
[White "Yildirim, Ibrahim Halil"]
[Black "Gursu, Ahmet Burak"]
[Result "1-0"]
[WhiteElo "1794"]
[BlackElo "1297"]
[PlyCount "99"]
[EventDate "2020.01.26"]
[EventType "swiss"]
[EventRounds "11"]
[EventCountry "TUR"]
[SourceTitle "CBM 194 Extra"]
[Source "ChessBase"]
[SourceDate "2020.03.31"]
[SourceVersion "1"]
[SourceVersionDate "2020.03.31"]
[SourceQuality "1"]

1. e4 e5 2. Bc4 Nf6 3. d3 Nc6 4. Nc3 Bc5 5. f4 d6 6. Nf3 Bg4 7. Na4 Bb6 8. Nxb6 axb6 9. c3 Qd7 10. h3 Bxf3 11. Qxf3 Na5 12. fxe5 dxe5 13. Bg5 Nxc4 14. dxc4 0-0-0 15. 0-0 Qc6 16. Bxf6 gxf6 17. b3 Rd6 18. Rad1 Qc5+ 19. Kh1 Re6 20. Qg4 Qe7 21. Rd2 h5 22. Qg7 Qf8 23. Qxf8+ Rxf8 24. Rdf2 Rd8 25. Rxf6 Rxf6 26. Rxf6 Rd2 27. Rxf7 Rxa2 28. Rf5 Ra3 29. Rxh5 Rxb3 30. g4 Kd7 31. Rh7+ Ke6 32. Rxc7 Rxc3 33. Kg2 b5 34. Rxb7 Rxc4 35. Rb6+ Kf7 36. Rxb5 Rxe4 37. Kf3 Rf4+ 38. Kg3 Kf6 39. Rb6+ Kg7 40. h4 Ra4 41. h5 Ra3+ 42. Kh4 e4 43. Kg5 e3 44. Re6 Kf7 45. Re4 Kg7 46. h6+ Kh7 47. Kh5 Ra8 48. Rxe3 Ra1 49. Re7+ Kg8 50. g5 1-0

[Event "TUR Cup"]
[Site "Antalya"]
[Date "2020.01.29"]
[Round "6"]
[White "Kirali, Mehmet"]
[Black "Yildirim, Ibrahim Halil"]
[Result "1-0"]
[WhiteElo "1890"]
[BlackElo "1794"]
[PlyCount "83"]
[EventDate "2020.01.26"]
[EventType "swiss"]
[EventRounds "11"]
[EventCountry "TUR"]
[SourceTitle "CBM 194 Extra"]
[Source "ChessBase"]
[SourceDate "2020.03.31"]
[SourceVersion "1"]
[SourceVersionDate "2020.03.31"]
[SourceQuality "1"]

1. d4 d5 2. Nf3 Nf6 3. Bf4 c5 4. c3 Nc6 5. e3 Qb6 6. Qb3 c4 7. Qxb6 axb6 8. Na3 Bf5 9. Nb5 Kd7 10. Be2 h6 11. 0-0 Ra5 12. b4 Rxb5 13. a4 Rxb4 14. cxb4 Nxb4 15. Ne5+ Ke8 16. g4 Bh7 17. Rfc1 Nd7 18. Nf3 e6 19. Nd2 Nd3 20. Bxd3 Bxd3 21. Nb1 Bb4 22. Nc3 g5 23. Bc7 Bxc3 24. Rxc3 Ke7 25. f3 Rc8 26. Bg3 Ra8 27. Rca3 Bc2 28. Be1 Nb8 29. h4 Nc6 30. Kg2 Bb3 31. Bd2 f6 32. hxg5 hxg5 33. Rh1 Rxa4 34. Rxa4 Bxa4 35. Rh7+ Kd6 36. Rxb7 b5 37. Kf2 Nd8 38. Bb4+ Kc6 39. Re7 Bc2 40. Ke2 Ba4 41. Ba5 Nb7 42. Rc7+ 1-0

[Event "TUR Cup"]
[Site "Antalya"]
[Date "2020.01.27"]
[Round "3"]
[White "Yildirim, Ibrahim Halil"]
[Black "Saglam, Baver"]
[Result "1-0"]
[WhiteElo "1794"]
[BlackElo "1364"]
[PlyCount "59"]
[EventDate "2020.01.26"]
[EventType "swiss"]
[EventRounds "11"]
[EventCountry "TUR"]
[SourceTitle "CBM 194 Extra"]
[Source "ChessBase"]
[SourceDate "2020.03.31"]
[SourceVersion "1"]
[SourceVersionDate "2020.03.31"]
[SourceQuality "1"]

1. e4 e5 2. Bc4 Nc6 3. Nc3 Nf6 4. d3 Bc5 5. f4 d6 6. Nf3 Bg4 7. Na4 Bb6 8. Nxb6 axb6 9. 0-0 Nd4 10. fxe5 dxe5 11. Bxf7+ Ke7 12. Bc4 b5 13. Bb3 Nxf3+ 14. gxf3 Qd4+ 15. Kg2 Bh5 16. c3 Qd6 17. d4 Rad8 18. Qe2 c6 19. Bg5 Rdf8 20. Rad1 h6 21. Bh4 g5 22. Bg3 g4 23. f4 exf4 24. Bxf4 Qd7 25. Be5 Qe8 26. Rf5 Qg6 27. Rdf1 g3 28. Bxf6+ Kd7 29. Qxh5 Rxf6 30. Qxg6 1-0

[Event "Novi Sad-Turkey GpA"]
[Site "Novi Sad"]
[Date "2018.08.12"]
[Round "7"]
[White "Medar, Zeljko"]
[Black "Yildirim, Ibrahim Halil"]
[Result "1/2-1/2"]
[WhiteElo "2145"]
[BlackElo "1783"]
[PlyCount "68"]
[EventDate "2018.08.07"]
[EventType "schev"]
[EventRounds "10"]
[EventCountry "SRB"]
[SourceTitle "CBM 186 Extra"]
[Source "ChessBase"]
[SourceDate "2018.08.24"]
[SourceVersion "1"]
[SourceVersionDate "2018.08.24"]
[SourceQuality "1"]

1. d4 d5 2. Nf3 Nf6 3. e3 c6 4. Bd3 Bg4 5. Nbd2 e6 6. c3 Nbd7 7. Qc2 Bd6 8. h3 Bh5 9. g4 Bg6 10. e4 dxe4 11. Nxe4 Nxe4 12. Bxe4 Nf6 13. Bxg6 hxg6 14. g5 Nd5 15. Qe4 Qc7 16. c4 Bb4+ 17. Ke2 Nb6 18. Bf4 Bd6 19. Bxd6 Qxd6 20. Ne5 Nd7 21. f4 Rh4 22. Rad1 Nxe5 23. dxe5 Qe7 24. Qd4 c5 25. Qf2 Rh8 26. Rd6 Qc7 27. Rhd1 Ke7 28. Rd7+ Qxd7 29. Qxc5+ Ke8 30. Rxd7 Kxd7 31. Qb5+ Kc7 32. Qc5+ Kd7 33. Qb5+ Kc7 34. Qc5+ Kd7 1/2-1/2

[Event "Novi Sad-Turkey GpA"]
[Site "Novi Sad"]
[Date "2018.08.10"]
[Round "4"]
[White "Yildirim, Ibrahim Halil"]
[Black "Dimitrijevic, Nenad"]
[Result "0-1"]
[WhiteElo "1783"]
[BlackElo "2302"]
[PlyCount "94"]
[EventDate "2018.08.07"]
[EventType "schev"]
[EventRounds "10"]
[EventCountry "SRB"]
[SourceTitle "CBM 186 Extra"]
[Source "ChessBase"]
[SourceDate "2018.08.24"]
[SourceVersion "1"]
[SourceVersionDate "2018.08.24"]
[SourceQuality "1"]

1. e4 e6 2. d4 d5 3. Nc3 Nf6 4. e5 Nfd7 5. f4 c5 6. Nf3 Nc6 7. Be3 a6 8. Qd2 cxd4 9. Nxd4 Nc5 10. Be2 Nxd4 11. Bxd4 Be7 12. 0-0 0-0 13. Kh1 b5 14. a3 Ne4 15. Qe3 Bb7 16. Bd3 Nxc3 17. Bxc3 g6 18. Bd4 Rc8 19. Rae1 Re8 20. c3 Rc6 21. g4 Rc4 22. Qf3 Qc7 23. f5 Bc5 24. f6 Rxd4 25. cxd4 Bxd4 26. Qf4 Bc5 27. b4 Bf8 28. Qd4 Bh6 29. Rf2 Rc8 30. Rc2 Qb8 31. Rxc8+ Qxc8 32. Qc5 Qa8 33. Kg1 Bf4 34. Qd4 Bg5 35. Re2 a5 36. Bxb5 axb4 37. axb4 Qa3 38. Bd3 Qc1+ 39. Kg2 h6 40. Qa7 Qf4 41. Qxb7 Qxg4+ 42. Kf1 Qf3+ 43. Ke1 Qh1+ 44. Kf2 Qxh2+ 45. Kf1 Qh1+ 46. Kf2 Bh4+ 47. Ke3 d4+ 0-1

[Event "TUR-chT"]
[Site "Ankara"]
[Date "2018.08.04"]
[Round "12.3"]
[White "Yildirim, Ibrahim Halil"]
[Black "Yilmaz, Goktan"]
[Result "0-1"]
[WhiteElo "1887"]
[BlackElo "2233"]
[PlyCount "116"]
[EventDate "2018.07.25"]
[EventType "team-tourn"]
[EventRounds "13"]
[EventCountry "TUR"]
[SourceTitle "CBM 185 Extra"]
[Source "ChessBase"]
[SourceDate "2018.07.29"]
[SourceVersion "1"]
[SourceVersionDate "2018.07.29"]
[SourceQuality "1"]
[WhiteTeam "Gokceada Spor"]
[BlackTeam "Genc Akademisyenler"]
[WhiteTeamCountry "TUR"]
[BlackTeamCountry "TUR"]

1. e4 c5 2. Nf3 d6 3. d4 cxd4 4. Nxd4 Nf6 5. Nc3 a6 6. Be3 e6 7. f3 b5 8. Qd2 Nbd7 9. 0-0-0 Bb7 10. g4 Nb6 11. g5 Nfd7 12. Bd3 Rc8 13. h4 b4 14. Nce2 d5 15. exd5 Nxd5 16. h5 Nc5 17. Nb3 Nxe3 18. Qxe3 Qc7 19. g6 Nxb3+ 20. axb3 Bc5 21. Qg5 f6 22. Qg4 f5 23. Qh3 hxg6 24. Kb1 Rxh5 25. Qg2 Rxh1 26. Rxh1 Kf7 27. Rh4 Be3 28. Rxb4 Bd5 29. Nc3 Rh8 30. Nxd5 exd5 31. Ra4 Rh2 32. Qf1 a5 33. b4 axb4 34. Qe1 Bc5 35. Ra6 Qe7 36. Qg3 Rh1+ 37. Ka2 Rg1 38. Qb8 Re1 39. Ra8 Re6 40. Qg8+ Kf6 41. Qh7 b3+ 42. cxb3 Rb6 43. f4 Re6 44. Qh1 Qb7 45. Qh4+ Kf7 46. Qd8 Be7 47. Qh8 Qb4 48. Bb5 Qxf4 49. Bd7 Rd6 50. Qg8+ Kf6 51. Be8 Qe5 52. Qf7+ Kg5 53. Ra7 Re6 54. Ra4 Bd8 55. Bb5 Bf6 56. Ka3 Qxb2+ 57. Kb4 Qc3+ 58. Ka3 Be7+ 0-1

[Event "TUR-chT"]
[Site "Ankara"]
[Date "2018.08.01"]
[Round "8.1"]
[White "Yildirim, Ibrahim Halil"]
[Black "Ozenir, Ekin Baris"]
[Result "0-1"]
[WhiteElo "1887"]
[BlackElo "2300"]
[PlyCount "136"]
[EventDate "2018.07.25"]
[EventType "team-tourn"]
[EventRounds "13"]
[EventCountry "TUR"]
[SourceTitle "CBM 185 Extra"]
[Source "ChessBase"]
[SourceDate "2018.07.29"]
[SourceVersion "1"]
[SourceVersionDate "2018.07.29"]
[SourceQuality "1"]
[WhiteTeam "Gokceada Spor"]
[BlackTeam "Karaman Belediye"]
[WhiteTeamCountry "TUR"]
[BlackTeamCountry "TUR"]

1. e4 Nc6 2. Nc3 e6 3. d4 Bb4 4. a3 Bxc3+ 5. bxc3 d6 6. Bd3 Nge7 7. Ne2 0-0 8. 0-0 e5 9. f4 Bg4 10. d5 Nb8 11. f5 Nd7 12. Qe1 f6 13. Ng3 Qe8 14. Be3 Bh5 15. Nxh5 Qxh5 16. Rf3 Qf7 17. Rh3 Rfc8 18. Qh4 Nf8 19. Rf1 c6 20. c4 a6 21. c5 cxd5 22. cxd6 Nc6 23. exd5 Nb8 24. c4 Nbd7 25. Qf2 e4 26. Be2 Ne5 27. Rc1 b5 28. c5 Qxd5 29. Rd1 Qc6 30. Qf4 Ned7 31. Rc1 Qd5 32. Rd1 Qc6 33. Rc1 Qd5 34. Qf2 Kh8 35. Bf1 Ne5 36. Bf4 Rc6 37. Bxe5 Qxe5 38. Rhc3 Rac8 39. Qa2 Qxf5 40. Qf7 Qd7 41. Qxd7 Nxd7 42. Kf2 f5 43. Ke3 h5 44. Kd4 g6 45. R3c2 Kg7 46. a4 bxa4 47. Bxa6 Rxa6 48. c6 Kf6 49. Kd5 Ra5+ 50. Kd4 Ke6 51. cxd7 Rd8 52. Rc5 Rxc5 53. Kxc5 Rxd7 54. Ra1 Rxd6 55. Rxa4 Rd2 56. Ra6+ Kf7 57. h4 Rxg2 58. Kd4 Rg4 59. Ke5 e3 60. Ra7+ Ke8 61. Kf6 Re4 62. Ra8+ Kd7 63. Ra7+ Kc8 64. Ra8+ Kb7 65. Ra1 e2 66. Re1 f4 67. Kxg6 f3 68. Kf5 Re8 0-1